| 000 | 01443nam0a22003371 4500 | ||
|---|---|---|---|
| 001 | RU\NLR\INFOCOMM_46\5000185903 | ||
| 005 | 20250613085848.0 | ||
| 010 | _a0-89893-072-3 | ||
| 035 | _a(NLR Aleph) 009045253 | ||
| 090 |
_a9559765 _c9559765 |
||
| 100 | _a20080820d1980 |||y0rusy50 ca | ||
| 101 | 1 |
_aeng _crus |
|
| 102 | _aRU | ||
| 105 | _aac z 000zy | ||
| 200 | 1 |
_aAivazovsky _e[an album _fcomp. a. introd. by Nikolai Novouspensky _gtransl. from the Russ. by Richard Ware] |
|
| 210 |
_aL. _cAurora _d1980 |
||
| 215 |
_a17 с., [8] с., [66] л. цв. ил. _cил., цв. ил., портр. _d29 см |
||
| 300 | _aВ вып. дан. на наклейке: Айвазовский: альбом/ авт. вступ. статьи и сост. альбома Николай Николаевич Новоуспенский | ||
| 517 | 1 |
_aАйвазовский _eальбом |
|
| 600 | 1 |
_aАйвазовский _bИ. К. _f1817-1900 _gИван Константинович _2nlr_sh1 |
|
| 686 |
_aЩ143(2Р=Р)52-8 Айвазовский я61 _2rubbk |
||
| 700 | 1 |
_9z02790 _aAjvazovskij _bI. K. _f1817-1900 _gIvan Konstantinovič _4070 |
|
| 702 | 1 |
_9z01790 _aNovouspenskij _bN. N. _gNikolaj Nikolaevič _4220 |
|
| 790 | 1 |
_9z01702 _aNovouspensky _bN. _gNikolai _4220 |
|
| 790 | 1 |
_9z02700 _aAjvazovsky |
|
| 801 | 1 |
_aRU _bNLR _c20080820 |
|
| 801 | 0 |
_aRU _bNLR _gPSBO |
|
| 852 |
_aNLR _jЭ АлсИ590/2-А360, 3 |
||
| 942 | _cBOOK | ||
| 980 | _aNB | ||